00381nam a2200133Ia 4500008004100000041001200041082001600053100001700069245008000086260003500166300000800201650002100209700001700230221030s9999 xx 000 0 und d aEnglish a105.23bBak aU. A. Bakshi 0aTransmission & Distribution ( DEPARTMENTAL )cby U. A. Bakshi, M. V. Bakshi bTechnical PubaNew Delhic2001 a316 aECE Departmental aM. V. Bakshi